| 000 | 01405nam a22003617a 4500 | ||
|---|---|---|---|
| 003 | CHAP | ||
| 005 | 20220329143441.0 | ||
| 008 | 091005s2009 mx r 00010 spa d | ||
| 010 | _a96819 | ||
| 011 | _a97791 | ||
| 035 | _a108462 | ||
| 040 | _cCHAP | ||
| 090 | _aTesis | ||
| 100 | 1 |
_aGalicia Rosales, Heriberto _944264 |
|
| 245 | 1 | 0 |
_aCaracterización fisiográfica y de los aprovechamientos y usos del agua de la microcuenca del Río Ixtapan del Oro, Estado de México _c/por Heriberto Galicia Rosales |
| 260 |
_aChapingo, Méx. : _bEl autor, _c2009 |
||
| 300 |
_axi, 159 h. : _bcuadros, gráfs. , ilus. , mapas |
||
| 502 | _aTesis (Ing. en Irrigación) -- UACH. Departamento de Irrigación | ||
| 590 |
_aALEPH _b10 _c20130110 _lUCH01 _h1530 |
||
| 590 |
_aBATCH-UPD _b10 _c20130110 _lUCH01 _h1752 |
||
| 590 |
_aBATCH-UPD _b10 _c20130410 _lUCH01 _h1130 |
||
| 590 |
_aBATCH-UPD _b10 _c20130914 _lUCH01 _h1113 |
||
| 590 |
_aBATCH-UPD _b10 _c20141001 _lUCH01 _h1313 |
||
| 590 |
_aCONVERSION _b10 _c20130109 _lUCH01 _h1353 |
||
| 650 | 1 | 4 |
_aAgua _xAprovechamiento _xMexico (Edo.) _92298 |
| 650 | 1 | 4 |
_aAgua _xUtilización. _92401 |
| 650 | 1 | 4 |
_aCuencas hidrológicas. _930092 |
| 650 | 1 | 4 |
_aRiego de superficie. _997372 |
| 901 | _aBK | ||
| 942 | _cFOLL | ||
| 949 |
_aTesis _bBC _cTES _d33724002107074 _eTS2 _fc.2 _gDonaciØn _h49565 _i108462 _sb |
||
| 949 |
_aTesis _bBC _cTES _d33724002108322 _eTS1 _gDonaciØn _h49564 _i108462 _sb |
||
| 999 |
_c96819 _d96819 |
||